| 000 | 00405nam a2200181Ia 4500 | ||
|---|---|---|---|
| 005 | 20251020182553.0 | ||
| 008 | 200515s9999 xx 000 0 und d | ||
| 082 | _aR/658.81/B23 | ||
| 100 | _aBARROSO GONZALES, José | ||
| 245 | 0 | _aDiccionario del Marketing | |
| 260 | _aMadrid | ||
| 260 | _c1992 | ||
| 300 | _a273 | ||
| 650 | _aDICCIONARIOS | ||
| 650 | _aLIB | ||
| 650 | _aMARKETING | ||
| 942 | _cLIB | ||
| 999 |
_c2798 _d2798 |
||